Teaching the Bible to change lives. (Record no. 3815)

000 -LEADER
fixed length control field 00681nam a2200205 a 4500
001 - CONTROL NUMBER
control field :::00001550$&:&@@
003 - CONTROL NUMBER IDENTIFIER
control field OkBaRHE
005 - DATE AND TIME OF LATEST TRANSACTION
control field 20100331161308.0
008 - FIXED-LENGTH DATA ELEMENTS--GENERAL INFORMATION
fixed length control field s1984 j 000 0 eng u
020 ## - INTERNATIONAL STANDARD BOOK NUMBER
International Standard Book Number 0898400643 (pbk.)
040 ## - CATALOGING SOURCE
Transcribing agency
100 1# - MAIN ENTRY--PERSONAL NAME
Personal name Hyde, Kathy.
245 10 - TITLE STATEMENT
Title Teaching the Bible to change lives.
260 ## - PUBLICATION, DISTRIBUTION, ETC. (IMPRINT)
Place of publication, distribution, etc San Bernardino, CA., :
Name of publisher, distributor, etc Here's Life Publishers
Date of publication, distribution, etc 1984
300 ## - PHYSICAL DESCRIPTION
Extent xiii, 143 p. : illus. ;
Dimensions 21 cm.
650 ## - SUBJECT ADDED ENTRY--TOPICAL TERM
Topical term or geographic name as entry element Bible
General subdivision Study
-- Handbooks, Manuals, etc.
650 ## - SUBJECT ADDED ENTRY--TOPICAL TERM
Topical term or geographic name as entry element Bible New Testament Colossians
General subdivision Study
942 ## - ADDED ENTRY ELEMENTS (KOHA)
Source of classification or shelving scheme
Koha item type Books
Copies
Full call number Koha item type Withdrawn status Source of classification or shelving scheme Date acquired Barcode Lost status Damaged status Shelving location Copy number Price effective from Date last seen Permanent Location Not for loan
BS 600 .H93 1984Books  2010-04-141550  General Stacks12010-04-142010-04-14RHEMA Bible Training College